000
00292nam a2200121Ia 4500
008
190216s9999||||xx |||||||||||||| ||und||
100
_a
Gaur V P&Amp; Narang B D
245
0
_a
Income Tax Law And Practice
260
_b
Kalyani Pub:-
_c
1980
300
_a
610p
650
_a
Commerce
942
_c
BK
999
_c
4390
_d
4390